O mapeas o te mapean: Mapeo indígena y negro en América Latina /

La aprobación del Convenio 169 de la OIT en 1989 inició una serie de amplios cambios políticos en las relaciones entre indígenas -y, en menor medida, gente negra- y sus tierras tradicionales en las tierras bajas tropicales de América Latina. De 19 países que han ratificado el convenio en los últimos...

Descrizione completa

Salvato in:
Dettagli Bibliografici
Autore principale: Offen, Karl
Natura: testo
Soggetti:
Tags: Aggiungi Tag
Nessun Tag, puoi essere il primo ad aggiungerne!!

MARC

LEADER 00000 a a2200000 04500
001 41520
003
040
100 |a Offen, Karl  
245 |a O mapeas o te mapean:   |b Mapeo indígena y negro en América Latina /  |c Karl Offen 
520 |a La aprobación del Convenio 169 de la OIT en 1989 inició una serie de amplios cambios políticos en las relaciones entre indígenas -y, en menor medida, gente negra- y sus tierras tradicionales en las tierras bajas tropicales de América Latina. De 19 países que han ratificado el convenio en los últimos veinte años, 13 han sido de América Latina. Entre otras cosas, el convenio establece una base legal para los derechos culturales, la auto determinación y el reconocimiento de las tierras tradicionales. Este artículo proporciona un panorama de estos recientes desarrollos y sugiere que las consecuencias a largo plazo de la espacialización de las políticas identitarias no han sido suficientemente examinadas.  
590 |a RRA/AGOSTO2011  
650 |a DERECHOS HUMANOS  
650 |a POBLACION INDIGENA  
650 |a PROPIEDAD  
650 |a ACUERDOS INTERNACIONALES  
650 |a AMERICA LATINA  
650 |a POLITICA GUBERNAMENTAL  
773 |g número10 (2009), páginas 163-189  
999 |c 39283  |d 39283